New developments in EU-Russia civil aviation relations

Na minha lista:
Detalhes bibliográficos
Autor principal: Grančay, Martin, 1984-2024
Formato: Capítulo de Livro
Idioma:inglês
Tags: Adicionar Tag
Sem tags, seja o primeiro a adicionar uma tag!

MARC

LEADER 00000nla a2200000 4500
001 0165939
005 20240502083406.0
041 0 |a eng 
044 |a RU 
245 1 0 |a New developments in EU-Russia civil aviation relations  |c Martin Grančay 
100 1 |a Grančay, Martin, 1984-2024